000 01038nam a22002537a 4500
003 OSt
005 20250904151232.0
008 240426b ||||| |||| 00| 0 eng d
040 _c0
082 _aDPer 621.317 Ie21 November 2022 v. 37 n. 11
100 _aPeng, Fan.
_eauthor.
_956761
245 _aZero leakage current single-phase quasi-single-stage transformerless PV inverter with unipolar SPWM /
_cFan Peng, Guohua Zhou, Nengmou Xu, and Siya Gao.
260 _aNew York ;
_bThe Institute of Electrical and Electronics Engineers, Inc. ,
_cNovember 2022.
300 _aVolume 37, pages 13755-13766 :
_billustration ;
_c28 cm.
500 _aIEEE Transactions on Power Electronics, vol. 37, no. 11, pages 13755-13766, November 2022.
650 0 _a Capacitors.
_965717
650 0 _aLeakage currents.
_966323
650 0 _aVoltage.
_965931
700 _aPeng, Fan.
_eauthor.
_956761
700 _aZhou, Guohua.
_eauthor.
_956762
700 _aXu, Nengmou.
_eauthor.
_956763
700 _aGao, Siya.
_eauthor.
_956764
942 _2ddc
_cPER
999 _c20176
_d20176